00497nam a22001692 4500001001100000005001700011008004100028020001700069040001500086100003000101245007700131250001300208260003400221300001500255650005400270852000300324000002063220151217145926.0110929s xx 000 0 eng d a0521887830 : aKABUcKABU1 aKempf, James.@000018109110aWireless internet security :barchitecture and protocols /cJames Kempf. a1st ed. aCambridge :bC. U. P.,c2008. ax, 212 p. 0aWireless internetxSecurity measures.@00001810921